00000000nas 2200000zi 4500
0019.944175
003CaOODSP
00520250410150322
006m     o  d f      
007cr cn ||||||||
008241016d19261964oncar p o    f0    0eng|d
040 |aCaOODSP|beng|erda|cCaOODSP
043 |an-cn---
0861 |aNR1-1E-PDF
1102 |aNational Research Council of Canada.|eauthor, |eissuing body.
24510|aAnnual reports / |cNational Research Council.
2463 |aAnnual report
264 1|aOttawa : |bNational Research Council, |c[1927-1964]
310 |aAnnual
336 |atext|btxt|2rdacontent
337 |acomputer|bc|2rdamedia
338 |aonline resource|bcr|2rdacarrier
3621 |aBegan with: 1917/1926; ceased with: 47th (1963/1964).
588 |aDescription based on: Digitized bound volume for 1917/1926; title from PDF title page.
588 |aLatest issue consulted: 47th (1963/1964).
61020|aNational Research Council of Canada|vPeriodicals.
61026|aConseil national de recherches du Canada|vPériodiques.
650 0|aResearch|zCanada|vPeriodicals.
650 0|aResearch, Industrial|zCanada|vPeriodicals.
650 6|aRecherche|zCanada|vPériodiques.
650 6|aRecherche industrielle|zCanada|vPériodiques.
655 7|aPeriodicals|2lcgft
655 7|aPériodiques|2rvmgf
78500|tReport / |w(CaOODSP)9.944297